000
00299nam a22001337a 4500
003
SGT
082
_a
617.643
_b
M17M
100
_a
MALIK, NISHANT
245
_a
MODEL ANALYSIS
260
_a
DELHI NCR
_b
SGT UNIVERSITY GURUGRAM
_c
2017
300
_a
1-59
650
_a
ORTHODONTICS
942
_2
ddc
_c
TH
999
_c
19037
_d
19037